[Event "Portugal Open 2020"]
[Site "Lisboa POR"]
[Date "2020.01.30"]
[Round "7.79"]
[White "Abdurramane, Dánial"]
[Black "Aguiar, Carlos"]
[Result "1/2-1/2"]
[WhiteElo "1499"]
[BlackElo "1764"]
[WhiteFideId "1962523"]
[BlackFideId "1902571"]
[WhiteCountry "POR"]
[BlackCountry "POR"]
[PlyCount "175"]
[EventDate "2020.01.25"]

1. d4 Nf6 2. Nf3 g6 3. Nc3 Bg7 4. e4 d6 5. Be3 Nbd7 6. Qd2 Ng4 7. Bg5 h6 8. Bh4
c5 9. h3 cxd4 10. Nxd4 Nge5 11. f4 Nc6 12. Ndb5 Qa5 13. Nd5 Qxd2+ 14. Kxd2 Rb8
15. c3 Nc5 16. Ke3 Ne6 17. Bf2 a6 18. Na3 b5 19. Nc2 Bd7 20. Ncb4 Nxb4 21. Nxb4
a5 22. Nd3 Bc6 23. Be2 h5 24. Bf3 b4 25. e5 Bxf3 26. Kxf3 bxc3 27. bxc3 dxe5 28.
Nxe5 Rc8 29. Rhc1 h4 30. Rab1 Rh5 31. Bd4 Rf5 32. Nd3 Bh6 33. Be3 g5 34. Kg4 Rd5
35. Nf2 gxf4 36. Bb6 f6 37. Ne4 Kf7 38. c4 Rd3 39. Nf2 Rg8+ 40. Kf5 Rdg3 41. Ng4
Ng7+ 42. Ke4 f5+ 43. Kd5 fxg4 44. c5 f3 45. Rf1 Rxg2 46. hxg4 Rd2+ 47. Kc6 f2
48. Kb7 Ne6 49. c6 Bf4 50. Bxf2 Nd8+ 51. Kb6 Rg6 52. Be3 Rxc6+ 53. Kxa5 Rd5+ 54.
Kb4 e5 55. Bxf4 Rd4+ 56. Kb5 exf4 57. Rbd1 Rcd6 58. Rxf4+ Rxf4 59. Rxd6 Ne6 60.
Rd7+ Kf6 61. a4 Rxg4 62. a5 h3 63. Rh7 Rg3 64. Rh6+ Kf5 65. Kb6 Rb3+ 66. Kc6 Nf4
67. a6 Kg4 68. a7 Ra3 69. Rxh3 Rxa7 70. Rb3 Kf5 71. Rb7 Ra2 72. Rf7+ Ke5 73.
Re7+ Ne6 74. Kb5 Kd6 75. Rh7 Rc2 76. Rh4 Nc7+ 77. Kb4 Nd5+ 78. Kb3 Rc3+ 79. Kb2
Kc5 80. Rh5 Rg3 81. Kc2 Rf3 82. Kd2 Kd4 83. Rh4+ Nf4 84. Kc2 Kc4 85. Kd2 Rd3+
86. Ke1 Rd4 87. Kf2 Nd3+ 88. Kg3 1/2-1/2

[Event "Portugal Open 2020"]
[Site "Lisboa POR"]
[Date "2020.01.30"]
[Round "7.80"]
[White "Barreiros, Cilauro"]
[Black "Santos, Ana P"]
[Result "1/2-1/2"]
[WhiteElo "1759"]
[BlackElo "1543"]
[WhiteFideId "1907018"]
[BlackFideId "1921550"]
[WhiteCountry "POR"]
[BlackCountry "POR"]
[PlyCount "33"]
[EventDate "2020.01.25"]

1. d4 d5 2. Bf4 e6 3. Nf3 Nf6 4. e3 Bd6 5. Bg3 Bxg3 6. hxg3 Nbd7 7. Bd3 c5 8. c3
Qc7 9. Na3 c4 10. Bc2 a6 11. Rc1 e5 12. Bf5 e4 13. Bxd7+ Bxd7 14. Ne5 Be6 15.
Qa4+ Nd7 16. Nxd7 Bxd7 17. Qd1 1/2-1/2

[Event "Portugal Open 2020"]
[Site "Lisboa POR"]
[Date "2020.01.30"]
[Round "7.81"]
[White "Guerreiro, Paulo"]
[Black "Reis, Fátima"]
[Result "1/2-1/2"]
[WhiteElo "1757"]
[BlackElo "1519"]
[WhiteFideId "1902105"]
[BlackFideId "10100423"]
[BlackTitle "WCM"]
[WhiteCountry "POR"]
[BlackCountry "ANG"]
[PlyCount "59"]
[EventDate "2020.01.25"]

1. d4 Nf6 2. c4 e6 3. Nc3 Be7 4. Bg5 d5 5. e3 Nbd7 6. Qc2 O-O 7. cxd5 Nxd5 8.
Bxe7 Qxe7 9. Nxd5 exd5 10. Qxc7 Qb4+ 11. Qc3 Qxc3+ 12. bxc3 Nb6 13. Bd3 Be6 14.
Ne2 Rac8 15. O-O Na4 16. Rfc1 Nb2 17. Bc2 Nc4 18. Nf4 Rc7 19. Bb3 Rfc8 20. Bxc4
Rxc4 21. Ne2 Bf5 22. Rd1 g5 23. Kf1 b6 24. Ke1 Bc2 25. Rd2 Be4 26. f3 Bg6 27.
Rc1 Kf8 28. Rb2 Bd3 29. Rb3 R8c6 30. Kd2 1/2-1/2

[Event "Portugal Open 2020"]
[Site "Lisboa POR"]
[Date "2020.01.30"]
[Round "7.82"]
[White "Nunes, Adelino"]
[Black "Batista, Sandro"]
[Result "0-1"]
[WhiteElo "1544"]
[BlackElo "1741"]
[WhiteFideId "1908111"]
[BlackFideId "1908561"]
[WhiteCountry "POR"]
[BlackCountry "POR"]
[PlyCount "82"]
[EventDate "2020.01.25"]

1. e4 c5 2. b3 Nc6 3. Nf3 e6 4. c4 d6 5. Nc3 Be7 6. g3 Nf6 7. d3 O-O 8. Bg2 a6
9. O-O Rb8 10. a4 Qc7 11. Be3 Rd8 12. Qe2 d5 13. Bf4 e5 14. Bg5 dxc4 15. bxc4
Nb4 16. Bxf6 Bxf6 17. Nd5 Nxd5 18. cxd5 b5 19. axb5 axb5 20. Rfc1 Bg4 21. h3
Bxf3 22. Bxf3 b4 23. Rab1 Qb6 24. Rb3 Be7 25. Kg2 Rd7 26. Qb2 f6 27. Bg4 Ra7 28.
Qc2 Rba8 29. Qc4 Bd6 30. Rcb1 g6 31. h4 Ra2 32. h5 Kg7 33. hxg6 hxg6 34. Qc1 c4
35. R3b2 c3 36. Rc2 b3 37. Re2 c2 38. Rxc2 Rxc2 39. Qxc2 bxc2 40. Rxb6 c1=Q 41.
Rxd6 Ra1 0-1

[Event "Portugal Open 2020"]
[Site "Lisboa POR"]
[Date "2020.01.30"]
[Round "7.83"]
[White "Palhas, Miguel Brando"]
[Black "Barrento, Jorge"]
[Result "1-0"]
[WhiteElo "1490"]
[BlackElo "1715"]
[WhiteFideId "1961349"]
[BlackFideId "1906500"]
[WhiteCountry "POR"]
[BlackCountry "POR"]
[PlyCount "101"]
[EventDate "2020.01.25"]

1. e4 d5 2. exd5 Nf6 3. d4 Bg4 4. Bb5+ Bd7 5. Bxd7+ Nbxd7 6. c4 Nb6 7. Nf3 e6 8.
dxe6 Bb4+ 9. Bd2 Bxd2+ 10. Nbxd2 Qe7 11. O-O O-O-O 12. exf7 Qxf7 13. Qc2 h5 14.
Ne5 Qe8 15. Rfe1 Qa4 16. Qf5+ Kb8 17. b3 Qb4 18. Nf7 Qxd2 19. Nxh8 Rxh8 20. Re7
Qxd4 21. Rae1 Rd8 22. Rxg7 Ne4 23. Re7 Nd6 24. Qxh5 Nbc8 25. R7e5 Rf8 26. Qe2
Qh4 27. c5 Nf5 28. Re4 Qh6 29. Re6 Qg5 30. Re5 Qh6 31. Qe4 Nh4 32. Re6 Qg5 33.
Re5 Qf6 34. Re2 Rh8 35. h3 Rg8 36. Re6 Nf3+ 37. Kf1 Qa1+ 38. Re1 Nxe1 39. Qxe1
Qg7 40. g4 Rh8 41. Kg2 Qc3 42. Qe3 Qc2 43. a3 Rd8 44. g5 Rd3 45. Qe2 Qxb3 46. g6
Rxh3 47. g7 Qd5+ 48. Kxh3 Qf5+ 49. Qg4 Qh7+ 50. Kg3 Qd3+ 51. f3 1-0

[Event "Portugal Open 2020"]
[Site "Lisboa POR"]
[Date "2020.01.30"]
[Round "7.84"]
[White "Heid, Magdalene"]
[Black "Alves, Fernando"]
[Result "0-1"]
[WhiteElo "1414"]
[BlackElo "1702"]
[WhiteFideId "16276957"]
[BlackFideId "1905678"]
[WhiteCountry "GER"]
[BlackCountry "POR"]
[PlyCount "114"]
[EventDate "2020.01.25"]

1. e4 e5 2. Nf3 Nc6 3. Bc4 Be7 4. d3 d6 5. h3 Na5 6. Nbd2 Nxc4 7. Nxc4 c6 8. O-O
Be6 9. a4 h6 10. b3 g5 11. Nh2 Qc7 12. Bb2 O-O-O 13. Qf3 Nf6 14. Rfd1 h5 15. Ne3
g4 16. hxg4 hxg4 17. Nhxg4 Nxg4 18. Nxg4 Rdg8 19. Ne3 Bg5 20. Nf5 f6 21. Kf1 d5
22. Ke2 Kb8 23. Bc1 Rh2 24. Bxg5 Rxg5 25. g3 Bxf5 26. exf5 e4 27. Qf4 Rxg3 28.
Qxc7+ Kxc7 29. dxe4 dxe4 30. Rh1 Rhg2 31. Kf1 Rg5 32. Re1 R2g4 33. Rh7+ Kb6 34.
Re7 e3 35. R1xe3 Rxf5 36. R3e4 Rxe4 37. Rxe4 Rc5 38. Re2 Rc3 39. Kg2 a5 40. f3
Kc5 41. Rd2 b5 42. axb5 cxb5 43. Kg3 Re3 44. Kg4 Re5 45. f4 Rd5 46. Rxd5+ Kxd5
47. Kf5 a4 48. bxa4 bxa4 49. Kxf6 a3 50. c4+ Kxc4 51. Ke7 a2 52. f5 a1=Q 53. f6
Qe5+ 54. Kf7 Kd5 55. Kg6 Qe8+ 56. f7 Qf8 57. Kf6 Kd6 0-1

[Event "Portugal Open 2020"]
[Site "Lisboa POR"]
[Date "2020.01.30"]
[Round "7.85"]
[White "Mões Joaquim, Carlos"]
[Black "Alves, Luís"]
[Result "1-0"]
[WhiteElo "1396"]
[BlackElo "1686"]
[WhiteFideId "1928104"]
[BlackFideId "1903110"]
[WhiteCountry "CPV"]
[BlackCountry "POR"]
[PlyCount "115"]
[EventDate "2020.01.25"]

1. d4 Nf6 2. c4 g6 3. Nc3 Bg7 4. e4 d6 5. h3 O-O 6. Nf3 Nbd7 7. Bd3 e5 8. d5 a5
9. Bg5 h6 10. Be3 Re8 11. Qd2 Kh7 12. Nh2 Nc5 13. Bc2 a4 14. h4 h5 15. Bg5 Rh8
16. f4 exf4 17. Qxf4 Ncd7 18. O-O-O a3 19. b3 Qe7 20. Nf3 Ne5 21. Nxe5 Qxe5 22.
Qxe5 dxe5 23. Rdf1 Ng4 24. Rxf7 Rf8 25. Rxf8 Bxf8 26. Rf1 Kg8 27. Nb5 c6 28. Nc7
Rb8 29. Bf6 Bd7 30. Bg5 Bd6 31. Ne6 Bxe6 32. dxe6 Re8 33. Rf7 b6 34. Rb7 Bc5 35.
e7 Kf7 36. Rc7 Nf6 37. Rxc6 Ng8 38. b4 Bxe7 39. Bxe7 Nxe7 40. Rxb6 Rc8 41. Bb3
Nc6 42. c5+ Kg7 43. Bd5 Nd4 44. Kd2 Rf8 45. Rb7+ Kh6 46. Rf7 Rb8 47. Rb7 Rf8 48.
Bf7 Kg7 49. Bd5+ Kh6 50. Rf7 Rb8 51. Kc3 Rc8 52. Kc4 Rb8 53. c6 g5 54. hxg5+
Kxg5 55. c7 Re8 56. Rg7+ Kf6 57. Rg8 Ne6 58. Bxe6 1-0

[Event "Portugal Open 2020"]
[Site "Lisboa POR"]
[Date "2020.01.30"]
[Round "7.86"]
[White "Counhago, Edgar"]
[Black "Gaudin, Bruno"]
[Result "1-0"]
[WhiteElo "1682"]
[BlackElo "1515"]
[WhiteFideId "1964275"]
[BlackFideId "647861"]
[WhiteCountry "POR"]
[BlackCountry "FRA"]
[PlyCount "75"]
[EventDate "2020.01.25"]

1. g3 g6 2. Bg2 Bg7 3. c4 Nf6 4. Nc3 O-O 5. d4 e6 6. e4 d6 7. Nge2 Nbd7 8. O-O
e5 9. d5 c5 10. f4 exf4 11. Bxf4 Ne8 12. Qd2 Ne5 13. b3 Bg4 14. Rad1 Qd7 15. Bh6
Bh3 16. Bxg7 Kxg7 17. Nf4 Bxg2 18. Kxg2 Rd8 19. Qf2 Nc7 20. a4 a5 21. h4 h5 22.
Nxh5+ gxh5 23. Qf6+ Kg8 24. Rf5 Ng6 25. Rxh5 Ne8 26. Qg5 Ng7 27. Rh6 Qe7 28.
Rxg6 Qe5 29. Qxe5 dxe5 30. Rb6 Rd7 31. g4 Ne8 32. Rb5 Nd6 33. Rxc5 b6 34. Rc6
Rb8 35. Rf1 Kf8 36. Rf6 Ke7 37. g5 Ne8 38. Rxb6 1-0

[Event "Portugal Open 2020"]
[Site "Lisboa POR"]
[Date "2020.01.30"]
[Round "7.87"]
[White "Tacuchian, Marcelo"]
[Black "Barros, Arlindo"]
[Result "0-1"]
[WhiteElo "1363"]
[BlackElo "1671"]
[WhiteFideId "1964208"]
[BlackFideId "23600640"]
[WhiteCountry "BRA"]
[BlackCountry "CPV"]
[PlyCount "68"]
[EventDate "2020.01.25"]

1. c4 e5 2. Nc3 Nf6 3. g3 Bc5 4. Bg2 O-O 5. e3 c6 6. d4 exd4 7. exd4 Re8+ 8.
Nge2 Bb4 9. O-O d6 10. Be3 Be6 11. Qb3 Ba5 12. Rfc1 b5 13. d5 Bd7 14. cxb5 c5
15. a4 Bf5 16. Nf4 Nbd7 17. Bh3 Bxh3 18. Nxh3 Ne5 19. Kg2 Nfg4 20. Re1 Qf6 21.
Nf4 Nxe3+ 22. Rxe3 Ng4 23. Ree1 Qf5 24. h3 Ne5 25. Qd1 h6 26. Rc1 g5 27. Nh5 Nd3
28. Rxe8+ Rxe8 29. Rc2 Ne1+ 30. Kf1 Nxc2 31. Nf6+ Qxf6 32. Qxc2 Bxc3 33. bxc3
Qf3 34. c4 Qh1# 0-1

[Event "Portugal Open 2020"]
[Site "Lisboa POR"]
[Date "2020.01.30"]
[Round "7.88"]
[White "Dong, Rafael"]
[Black "Costa, Raul"]
[Result "1-0"]
[WhiteElo "1656"]
[BlackElo "1420"]
[WhiteFideId "1958038"]
[BlackFideId "1956868"]
[WhiteCountry "POR"]
[BlackCountry "POR"]
[PlyCount "73"]
[EventDate "2020.01.25"]

1. c4 Nc6 2. d4 Nf6 3. Nc3 e5 4. Nf3 exd4 5. Nxd4 Bb4 6. Bf4 d6 7. e3 Ne4 8. Rc1
Qf6 9. Be2 Bxc3+ 10. bxc3 Nxf2 11. Kxf2 g5 12. Nxc6 bxc6 13. Qd4 Qxd4 14. cxd4
gxf4 15. exf4 Bf5 16. g4 Be4 17. Bf3 Bxf3 18. Kxf3 Kd7 19. Rb1 Rab8 20. Rhe1 Rb6
21. Rb3 Rhb8 22. Reb1 a5 23. c5 Rb5 24. Ke3 a4 25. Rxb5 cxb5 26. a3 d5 27. f5
Re8+ 28. Kf4 Re4+ 29. Kg5 c6 30. Kf6 Rxg4 31. Kxf7 Rxd4 32. Re1 Re4 33. Rg1 Re7+
34. Kf8 d4 35. f6 Re8+ 36. Kg7 Rd8 37. f7 1-0

[Event "Portugal Open 2020"]
[Site "Lisboa POR"]
[Date "2020.01.30"]
[Round "7.89"]
[White "Antunes, Ana"]
[Black "Garcia Salvador, Carlos"]
[Result "0-1"]
[WhiteElo "1215"]
[BlackElo "1650"]
[WhiteFideId "1936310"]
[BlackFideId "54555310"]
[WhiteCountry "POR"]
[BlackCountry "ESP"]
[PlyCount "104"]
[EventDate "2020.01.25"]

1. e4 c5 2. Nf3 Nc6 3. d4 cxd4 4. Nxd4 Nf6 5. Nc3 e6 6. Be3 Bb4 7. Qd3 Ne5 8.
Qb5 Bxc3+ 9. bxc3 Qc7 10. c4 a6 11. Qb3 Nxe4 12. Bd3 Nc5 13. Qa3 O-O 14. Bf4
Ncxd3+ 15. cxd3 Nxd3+ 16. Qxd3 Qxf4 17. O-O Rd8 18. Qc3 Qf6 19. Rac1 d6 20. Rfd1
Bd7 21. Qb4 e5 22. Nb3 Bc6 23. Rd2 Qg6 24. f3 Bxf3 25. Na5 Rd7 26. Rf1 Be4 27.
Rfd1 Rad8 28. Nb3 h5 29. Qc3 b6 30. a4 a5 31. Qe3 d5 32. Qe2 d4 33. Re1 f5 34.
c5 d3 35. Qe3 bxc5 36. Nxc5 Rd4 37. g3 Qc6 38. Nb3 Rxa4 39. Rc1 Rc4 40. Rxc4
Qxc4 41. Qb6 Ra8 42. Rd1 Qc2 43. Rd2 Qb1+ 44. Kf2 Qh1 45. Qe6+ Kh7 46. Qxe5
Qxh2+ 47. Ke3 Qg1+ 48. Kf4 h4 49. Kg5 Qxg3+ 50. Qxg3 hxg3 51. Nc1 g2 52. Nxd3
g1=Q+ 0-1

[Event "Portugal Open 2020"]
[Site "Lisboa POR"]
[Date "2020.01.30"]
[Round "7.92"]
[White "Oliveira, António Augusto"]
[Black "Maissa, Susana"]
[Result "0-1"]
[WhiteElo "1568"]
[BlackElo "1361"]
[WhiteFideId "1943235"]
[BlackFideId "1954202"]
[WhiteCountry "POR"]
[BlackCountry "POR"]
[PlyCount "38"]
[EventDate "2020.01.25"]

1. e4 d5 2. exd5 Qxd5 3. Nc3 Qd6 4. d4 Nf6 5. Bb5+ c6 6. Bc4 Bf5 7. Nge2 e6 8.
Bf4 Qd8 9. Bd3 Bg4 10. f3 Bh5 11. g4 Bg6 12. Bxg6 hxg6 13. Ne4 Nxe4 14. fxe4 Bd6
15. e5 Be7 16. Qd2 Bh4+ 17. Ng3 g5 18. O-O-O gxf4 19. Qxf4 Bg5 0-1

[Event "Portugal Open 2020"]
[Site "Lisboa POR"]
[Date "2020.01.30"]
[Round "7.93"]
[White "Rosa, José"]
[Black "Almeida, Ângelo"]
[Result "0-1"]
[WhiteElo "1224"]
[BlackElo "1669"]
[WhiteFideId "1961977"]
[BlackFideId "1910329"]
[WhiteCountry "POR"]
[BlackCountry "POR"]
[PlyCount "42"]
[EventDate "2020.01.25"]

1. e4 d6 2. d4 Nf6 3. Nc3 g6 4. f4 Bg7 5. Nf3 O-O 6. Be3 c5 7. Qd2 cxd4 8. Nxd4
Nc6 9. Nxc6 bxc6 10. O-O-O Qa5 11. Bd3 Be6 12. a3 Rab8 13. f5 gxf5 14. exf5 Bxf5
15. Bxf5 Qxf5 16. Rdf1 Qg6 17. h4 h5 18. Ne2 Nd5 19. Nf4 Nxf4 20. Bxf4 Rxb2 21.
Rf2 Rfb8 0-1

[Event "Portugal Open 2020"]
[Site "Lisboa POR"]
[Date "2020.01.30"]
[Round "7.94"]
[White "Bártolo, Diogo"]
[Black "Almeida, José António"]
[Result "0-1"]
[WhiteElo "1216"]
[BlackElo "1538"]
[WhiteFideId "1946757"]
[BlackFideId "1958143"]
[WhiteCountry "POR"]
[BlackCountry "POR"]
[PlyCount "120"]
[EventDate "2020.01.25"]

1. e4 c5 2. Nf3 g6 3. d4 cxd4 4. Qxd4 Nf6 5. e5 Nc6 6. Qf4 Nd5 7. Qe4 Ndb4 8. c3
d5 9. exd6 Bf5 10. Ne5 Bxe4 11. d7+ Qxd7 12. Nxd7 Kxd7 13. cxb4 Nxb4 14. Bb5+
Bc6 15. Bxc6+ Kxc6 16. Na3 Bg7 17. O-O e6 18. Bd2 Bxb2 19. Rab1 Bxa3 20. Bxb4
Bxb4 21. Rxb4 b6 22. Rc1+ Kb7 23. Rd1 Rhd8 24. Rbd4 Rxd4 25. Rxd4 Rc8 26. g3 a5
27. a4 Rc7 28. Kg2 Ka6 29. Kf3 Kb7 30. Ke4 Kc6 31. Rc4+ Kd6 32. Rd4+ Kc5 33. Kd3
b5 34. axb5 Kxb5 35. f4 a4 36. Rd8 a3 37. Ra8 Kb4 38. Rb8+ Ka4 39. Ra8+ Kb3 40.
Rb8+ Ka2 41. Kd2 Ka1 42. Rb3 Ka2 43. Rb8 h6 44. h4 f6 45. Rb6 Re7 46. Ke3 h5 47.
Ke4 g5 48. fxg5 fxg5 49. hxg5 Rg7 50. Kf4 Rf7+ 51. Ke5 Rf5+ 52. Kxe6 Rxg5 53.
Kf6 Rxg3 54. Kf5 h4 55. Rh6 h3 56. Kf4 Rb3 57. Rh5 Ka1 58. Re5 h2 59. Rh5 Rb2
60. Kg3 a2 0-1

[Event "Portugal Open 2020"]
[Site "Lisboa POR"]
[Date "2020.01.30"]
[Round "7.95"]
[White "Gama, João Tiago"]
[Black "Cavadas, José"]
[Result "1-0"]
[WhiteElo "1214"]
[BlackElo "1529"]
[WhiteFideId "1961160"]
[BlackFideId "1904990"]
[WhiteCountry "POR"]
[BlackCountry "POR"]
[PlyCount "117"]
[EventDate "2020.01.25"]

1. e4 c5 2. Nf3 d6 3. b3 Nf6 4. Nc3 a6 5. a4 Nc6 6. Bc4 Bg4 7. O-O e6 8. Re1 Be7
9. h3 Bh5 10. Bb2 Nd4 11. g4 Nxf3+ 12. Qxf3 Bg6 13. e5 dxe5 14. Qxb7 O-O 15. d3
Qd6 16. Rad1 Rfb8 17. Qf3 Qd4 18. Qe3 Nd7 19. Ba1 Qxe3 20. Rxe3 Bg5 21. Re2 h5
22. Ne4 Bf4 23. Bc3 Kf8 24. Bd2 hxg4 25. hxg4 Ke7 26. Bxf4 exf4 27. Rde1 Rh8 28.
Ng5 Kf6 29. Ne4+ Bxe4 30. Rxe4 g5 31. Bxe6 Nf8 32. Bf5 Ng6 33. Bxg6 fxg6 34.
Re6+ Kf7 35. Re7+ Kf8 36. Rc7 Rh4 37. f3 Rh3 38. Rf1 Rg3+ 39. Kf2 Rh3 40. Ke2
Re8+ 41. Kd2 Rh2+ 42. Kc3 Ree2 43. Rxc5 Rhf2 44. Rxf2 Rxf2 45. Rxg5 Rxf3 46.
Rxg6 Rf1 47. Rxa6 f3 48. g5 f2 49. a5 Kg7 50. Rf6 Ra1 51. Rxf2 Rxa5 52. Rg2 Kg6
53. b4 Ra6 54. Kb3 Re6 55. c4 Re8 56. b5 Re6 57. d4 Re3+ 58. Kb4 Re8 59. c5 1-0

[Event "Portugal Open 2020"]
[Site "Lisboa POR"]
[Date "2020.01.30"]
[Round "7.96"]
[White "Dias, Leonardo Ribeiro"]
[Black "Vera Cruz, Aguinaldo"]
[Result "1/2-1/2"]
[WhiteElo "1113"]
[BlackElo "1498"]
[WhiteFideId "1949845"]
[BlackFideId "23600250"]
[WhiteCountry "POR"]
[BlackCountry "CPV"]
[PlyCount "112"]
[EventDate "2020.01.25"]

1. e4 e5 2. Nf3 Nc6 3. Bc4 Bc5 4. O-O d6 5. h3 h6 6. Nc3 Nd4 7. d3 c6 8. Be3 Qf6
9. Nd2 Qg6 10. Kh2 a5 11. a4 Nf6 12. Nf3 O-O 13. Nh4 Qh5 14. Qxh5 Nxh5 15. Nf5
Nxc2 16. Rac1 Nxe3 17. Nxe3 Bd4 18. Nc2 Bxc3 19. bxc3 Nf4 20. d4 Be6 21. Ne3
Bxc4 22. Nxc4 exd4 23. cxd4 d5 24. exd5 Nxd5 25. Nd6 Ra7 26. Rb1 b6 27. Rfc1 Nb4
28. Nc4 Rb8 29. Ne5 Rc7 30. Kg3 f6 31. Nc4 Rd7 32. Rd1 Rd5 33. Ne3 Rg5+ 34. Kf4
Nd5+ 35. Nxd5 Rxd5 36. Kf3 b5 37. Ke4 f5+ 38. Ke3 g5 39. g3 Re8+ 40. Kf3 Re4 41.
g4 Rexd4 42. Rxd4 Rxd4 43. axb5 cxb5 44. Rxb5 fxg4+ 45. hxg4 a4 46. Ra5 Rb4 47.
Kg2 Rxg4+ 48. Kh3 Rb4 49. f3 Kg7 50. Kg3 Kg6 51. Ra6+ Kh5 52. Ra5 Kg6 53. Ra6+
Kf5 54. Ra7 Rb3 55. Ra5+ Kf6 56. Kg4 Rb4+ 1/2-1/2

[Event "Portugal Open 2020"]
[Site "Lisboa POR"]
[Date "2020.01.30"]
[Round "7.97"]
[White "Corrie, Michael"]
[Black "Gomes, Tiago Miguel"]
[Result "0-1"]
[WhiteElo "1423"]
[BlackElo "1182"]
[WhiteFideId "2631067"]
[BlackFideId "1936204"]
[WhiteCountry "CAN"]
[BlackCountry "POR"]
[PlyCount "70"]
[EventDate "2020.01.25"]

1. d4 Nf6 2. Bf4 e6 3. e3 d5 4. Nf3 c5 5. c3 Nc6 6. Nbd2 Be7 7. Ne5 Nd7 8. Bd3
Ncxe5 9. dxe5 Qc7 10. Nf3 h6 11. O-O g5 12. Bg3 g4 13. Nd2 Nxe5 14. Bxe5 Qxe5
15. Qxg4 Qg5 16. Qxg5 Bxg5 17. Nf3 Bf6 18. e4 Rg8 19. exd5 exd5 20. Rfe1+ Kd8
21. Rad1 Bg4 22. Be2 Be6 23. b3 Bxc3 24. Rxd5+ Ke7 25. Rxc5 Bxe1 26. Nxe1 Rad8
27. Rc7+ Rd7 28. Rc2 Rgd8 29. Kf1 Rd2 30. Rc3 Rxa2 31. Nf3 Ra1+ 32. Ne1 Rd2 33.
Rc7+ Rd7 34. Rc3 Rb1 35. Bd3 Rxb3 0-1

[Event "Portugal Open 2020"]
[Site "Lisboa POR"]
[Date "2020.01.30"]
[Round "7.98"]
[White "Florissi, Aldo"]
[Black "Clemente, António J"]
[Result "0-1"]
[WhiteElo "1351"]
[BlackElo "1163"]
[WhiteFideId "28513428"]
[BlackFideId "1961799"]
[WhiteCountry "ITA"]
[BlackCountry "POR"]
[PlyCount "130"]
[EventDate "2020.01.25"]

1. e4 c6 2. Nc3 d5 3. d4 dxe4 4. Nxe4 Nf6 5. f3 Bf5 6. Bd3 Qxd4 7. Ne2 Qb6 8.
Nxf6+ exf6 9. Bxf5 Qa5+ 10. Nc3 Qxf5 11. Ne4 Qe6 12. O-O Be7 13. Re1 O-O 14. Be3
Rd8 15. Qe2 f5 16. Ng5 Bxg5 17. Bxg5 Re8 18. Qxe6 fxe6 19. Rad1 h6 20. Rd8 Na6
21. Rxa8 Rxa8 22. Bd2 Rd8 23. Bc3 Kf7 24. h4 h5 25. Kf2 Nc7 26. Be5 Nb5 27. c4
Nd6 28. b3 Nc8 29. g4 g6 30. a3 Nb6 31. Rg1 Nd7 32. Rd1 Ke7 33. Bd6+ Ke8 34. Bc7
Rc8 35. Bf4 b5 36. gxh5 gxh5 37. Bg5 Rc7 38. c5 Nxc5 39. Rd8+ Kf7 40. b4 Nb7 41.
Rh8 Kg6 42. Rh6+ Kg7 43. Rxe6 c5 44. bxc5 Nxc5 45. Rh6 b4 46. axb4 Nd3+ 47. Ke3
Nxb4 48. Rxh5 Nd5+ 49. Kf2 Rc6 50. Be3 Rc2+ 51. Bd2 Rxd2+ 52. Ke1 Re2+ 53. Kf1
Re5 54. Rg5+ Kh7 55. Rh5+ Kg6 56. Rg5+ Kh6 57. Kf2 a5 58. Rg8 a4 59. Rh8+ Kg7
60. Ra8 Nb6 61. Ra7+ Kg6 62. f4 Rb5 63. Ra6 Rb3 64. Ke2 Kh5 65. Kd2 Kxh4 0-1

[Event "Portugal Open 2020"]
[Site "Lisboa POR"]
[Date "2020.01.30"]
[Round "7.101"]
[White "Costa, Fábio"]
[Black "Correia, Mário Lino"]
[Result "0-1"]
[WhiteElo "1258"]
[BlackElo "1453"]
[WhiteFideId "1961063"]
[BlackFideId "1967517"]
[WhiteCountry "POR"]
[BlackCountry "POR"]
[PlyCount "54"]
[EventDate "2020.01.25"]

1. e4 d5 2. exd5 Nf6 3. d4 Nxd5 4. Nf3 Nc6 5. c3 g6 6. Bd3 Bg7 7. O-O O-O 8. h3
e5 9. dxe5 Nxe5 10. Nxe5 Bxe5 11. Bh6 Bg7 12. Bxg7 Kxg7 13. Qd2 Re8 14. Re1 Be6
15. Qc2 Nf4 16. Bf1 Qg5 17. Kh2 Nxh3 18. gxh3 Qf4+ 19. Kg1 Bf5 20. Qc1 Qh4 21.
c4 Rad8 22. Rxe8 Rxe8 23. Qc3+ f6 24. Na3 c6 25. Qg3 Qd4 26. Qc7+ Kh6 27. Qxb7
Re3 0-1

[Event "Portugal Open 2020"]
[Site "Lisboa POR"]
[Date "2020.01.30"]
[Round "7.102"]
[White "Guedes, Rui Pedro"]
[Black "Fonseca, René Gil"]
[Result "0-1"]
[WhiteElo "1109"]
[BlackElo "1332"]
[WhiteFideId "1916084"]
[BlackFideId "1957767"]
[WhiteCountry "POR"]
[BlackCountry "POR"]
[PlyCount "90"]
[EventDate "2020.01.25"]

1. e4 e6 2. Nf3 d5 3. e5 c5 4. d4 Nc6 5. Nc3 cxd4 6. Nxd4 Nxe5 7. Bf4 Ng6 8. Bg3
a6 9. Bd3 Qb6 10. Nb3 Bd7 11. Qe2 Be7 12. Qh5 Nf6 13. Qf3 Bc6 14. O-O d4 15. Qe2
dxc3 16. bxc3 Rd8 17. Rab1 Bd6 18. Nd4 Qc7 19. Nxc6 Qxc6 20. c4 O-O 21. Rfd1
Bxg3 22. fxg3 Qc5+ 23. Kh1 Rd7 24. Rf1 Ne5 25. Rfd1 Nxd3 26. cxd3 Rfd8 27. Rb3
Ne8 28. Qf3 Nd6 29. Re1 b5 30. cxb5 Nxb5 31. Rf1 Nd4 32. Qe3 Nxb3 33. Qxc5 Nxc5
34. h4 Rxd3 35. Kh2 e5 36. Re1 e4 37. h5 e3 38. g4 Ne4 39. Kg1 Rd1 40. Kf1 Ng3+
41. Kg1 Rxe1+ 42. Kh2 Ne4 43. a3 Rdd1 44. g3 Re2+ 45. Kh3 Rh1# 0-1

[Event "Portugal Open 2020"]
[Site "Lisboa POR"]
[Date "2020.01.30"]
[Round "7.105"]
[White "Ferreira, Cristina"]
[Black "Moura, Miguel"]
[Result "1/2-1/2"]
[WhiteElo "1011"]
[BlackElo "1029"]
[WhiteFideId "1963082"]
[BlackFideId "1963430"]
[WhiteCountry "POR"]
[BlackCountry "POR"]
[PlyCount "69"]
[EventDate "2020.01.25"]

1. e4 c5 2. d3 Nc6 3. Be2 Nf6 4. c4 d6 5. Nc3 g6 6. Nf3 Bg7 7. O-O O-O 8. Bf4
Bg4 9. Ng5 Bxe2 10. Qxe2 Nd4 11. Qe3 Nc2 12. Qh3 Qd7 13. Qxd7 Nxd7 14. Rad1 Nd4
15. Be3 h6 16. Nh3 f5 17. Nf4 Kh7 18. Ncd5 e6 19. Ne7 Rf6 20. a3 Re8 21. Nexg6
Rxg6 22. Nxg6 Kxg6 23. b4 Rf8 24. f4 a6 25. Kh1 b5 26. Bxd4 Bxd4 27. Rf3 Kh7 28.
cxb5 axb5 29. Rg3 Ra8 30. exf5 e5 31. Rf1 Rxa3 32. h3 cxb4 33. Rg6 Rxd3 34. Rxd6
Nf8 35. fxe5 1/2-1/2

[Event "Portugal Open 2020"]
[Site "Lisboa POR"]
[Date "2020.01.31"]
[Round "8.5"]
[White "Dâmaso, Rui"]
[Black "Alekseev, Evgeny"]
[Result "0-1"]
[WhiteElo "2420"]
[BlackElo "2623"]
[WhiteFideId "1900030"]
[BlackFideId "4138147"]
[WhiteTitle "IM"]
[BlackTitle "GM"]
[WhiteCountry "POR"]
[BlackCountry "RUS"]
[PlyCount "106"]
[EventDate "2020.??.??"]

1. e4 e5 2. Nf3 Nc6 3. Nc3 Nf6 4. a3 d6 5. d4 Bg4 6. d5 Nb8 7. h3 Bc8 8. Be3 Be7
9. g4 h6 10. Bc4 Nbd7 11. Qe2 Nf8 12. O-O-O Ng6 13. Kb1 a6 14. Nd2 Bd7 15. Nf1
b5 16. Bd3 Qb8 17. Ng3 Nh4 18. Nf5 Nxf5 19. gxf5 c5 20. dxc6 Bxc6 21. Rhg1 Kf8
22. f3 Qb7 23. Rg3 Rb8 24. Bc1 a5 25. Rdg1 Nh5 26. Rg4 Bf6 27. Nd5 Bxd5 28. exd5
Qxd5 29. c4 bxc4 30. Bxc4 Qc5 31. Rd1 Nf4 32. Qc2 h5 33. Rgg1 Ke7 34. Bxf4 exf4
35. Rge1+ Be5 36. Rd5 Qc7 37. b3 Rhc8 38. Re4 Qb6 39. Ka2 Rc5 40. Qd3 Qc7 41. a4
Rxd5 42. Qxd5 Kf6 43. Qd2 Kxf5 44. Bd3 Kf6 45. Rc4 Qb6 46. Qc2 Qg1 47. Qc1 Qf2+
48. Bc2 Qxf3 49. Rc7 Qe3 50. Qd1 Qd4 51. Qxd4 Bxd4 52. Be4 g5 53. Bf3 Kg6 0-1